000 00465pab a2200169 454500
008 180718b2009 xxu||||| |||| 00| 0 eng d
100 _aThies, Cameron G.
245 _aThe politics of exchange rate-based stabilization versus structural reforms in Latin America
260 _c2009
300 _ap.1193-216.
362 _aSep
650 _aExchange rates
700 _aArce, Moises
773 _aComparative Political Studies
908 _aN
909 _a84679
999 _c84679
_d84679